000 01657nam a2200253Ia 4500
005 20191211092747.0
008 180910s9999 xx 000 0 und d
040 _aLB-BrCRDP
100 1 _aPapazian-Zohrabian, Garine
245 1 0 _aLes effets de la maltraitance sur la vie socio-affective des enfants
260 _aBeirut
_bالجامعة اليسوعية
_c2010
300 _a24 11 pages
490 0 _aLa revue de l'ILE
_vNo.4
500 _aالنوع : Article
520 3 _aDans cet article, l’auteur essaie de définir d’abord l’événement traumatique (tout événement qui, par sa violence et sa soudaineté, met une personne dans l’incapacité de gérer les angoisses internes et l’excès d’excitation qu’il occasionne est un événement traumatique) et de comprendre ensuite la psychologie des victimes à travers une présentation synthétisée des différentes théories psychanalytiques des traumatismes psychiques et la séméiologie des traumatismes. L’article s’arrête, par la suite, sur les conséquences des traumatismes psychiques dus à la maltraitance sur la vie sociale, affective et scolaire des enfants victimes et sur la nécessité d’une intervention pluridisciplinaire. Les principaux acteurs de cette prise en charge pluridisciplinaire sont les enseignants, les psychologues scolaires, les psychothérapeutes et les travailleurs sociaux.
650 4 _aAbus
650 4 _aAbuse
650 4 _aChildren
650 4 _aEnfants
650 4 _aالإساءة المدرسية
650 4 _aالأطفال
856 _zShamaa
_uhttp://search.shamaa.org/FullRecord?ID=27707
942 _cLAESDATA
_2ddc
999 _c20210
_d20210